The study of potenial to develop tree regeneration by coppicng in phnom tamao aret, takeo province, សិក្សាពីសក្ដានុពល ដើម្បីអភិវឌ្ឍន៍ដំណុះឈើដោយខ្នែង នៅតំបន់ភ្នំតាម៉ៅ ខេត្តតាកែវ. (Record no. 3475)

000 -LEADER
fixed length control field 00695nam a22001577a 4500
003 - CONTROL NUMBER IDENTIFIER
control field OSt
005 - DATE AND TIME OF LATEST TRANSACTION
control field 20151116152946.0
008 - FIXED-LENGTH DATA ELEMENTS--GENERAL INFORMATION
fixed length control field 151116b xxu||||| |||| 00| 0 eng d
040 ## - CATALOGING SOURCE
Transcribing agency RUA
082 ## - DEWEY DECIMAL CLASSIFICATION NUMBER
Classification number FOR LOU 2001 B127 Or.1
100 ## - MAIN ENTRY--PERSONAL NAME
9 (RLIN) 3734
Personal name LOUNG SOPHEAKDARAVIREAK
245 ## - TITLE STATEMENT
Title The study of potenial to develop tree regeneration by coppicng in phnom tamao aret, takeo province, សិក្សាពីសក្ដានុពល ដើម្បីអភិវឌ្ឍន៍ដំណុះឈើដោយខ្នែង នៅតំបន់ភ្នំតាម៉ៅ ខេត្តតាកែវ.
260 ## - PUBLICATION, DISTRIBUTION, ETC. (IMPRINT)
Place of publication, distribution, etc. Phnom Penh
Name of publisher, distributor, etc. RUA
Date of publication, distribution, etc. 2001
300 ## - PHYSICAL DESCRIPTION
Extent 41.
Other physical details ill.
Dimensions 29cm.
942 ## - ADDED ENTRY ELEMENTS (KOHA)
Source of classification or shelving scheme
Koha item type FOR
Holdings
Price effective from Date last seen Permanent Location Not for loan Date acquired Source of classification or shelving scheme Koha item type Barcode Lost status Damaged status Shelving location Withdrawn status Current Location Full call number
2015-11-162015-11-16Library Block B 2015-11-16 FORRUA030644  B141 Library Block BFOR LOU 2001 B127 Or.1
2015-11-162015-11-16Library Block B 2015-11-16 FORRUA030704  B141 Library Block BFOR LOU 2001 B127 Or.2
2015-11-162015-11-16Library Block B 2015-11-16 FORRUA030445  B141 Library Block BFOR LOU 2001 B127 Or.3
2015-11-162015-11-16Library Block B 2015-11-16 FORRUA030569  B141 Library Block BFOR LOU 2001 B127 Or.4
2015-11-162015-11-16Library Block B 2015-11-16 FORRUA030492  B141 Library Block BFOR LOU 2001 B127 Or.5
មជ្ឈមណ្ឌលឯការនៃសាកលវិទ្យាល័យភូមិន្ទកសិកម្មចំការដូង

Powered by Koha